Modelovanie spotrebiteľského správania v spotrebe mäsa na Slovensku
Vzory a zmeny v preferenciách v spotrebe mäsa na Slovensku. Aplikácia modelu AIDS pre výpočet cenových a príjmových elasticít – ako najvhodnejšieho nástroja pre modelovanie spotrebiteľského správania.
Guardado en:
| Autor principal: | |
|---|---|
| Formato: | Capítulo de libro |
| Lenguaje: | eslovaco |
| Materias: | |
| Etiquetas: |
Sin Etiquetas, Sea el primero en etiquetar este registro!
|
MARC
| LEADER | 00000naa a2200000 4500 | ||
|---|---|---|---|
| 001 | 0200417 | ||
| 005 | 20220715093744.0 | ||
| 041 | 0 | |a slo | |
| 044 | |a SK | ||
| 245 | 1 | 0 | |a Modelovanie spotrebiteľského správania v spotrebe mäsa na Slovensku |c Renáta Prokeinová |
| 520 | |a Vzory a zmeny v preferenciách v spotrebe mäsa na Slovensku. Aplikácia modelu AIDS pre výpočet cenových a príjmových elasticít – ako najvhodnejšieho nástroja pre modelovanie spotrebiteľského správania. | ||
| 610 | 2 | 0 | |a spotrebitelia |
| 610 | 2 | 0 | |a správanie spotrebiteľa |
| 610 | 2 | 0 | |a mäso |
| 610 | 2 | 0 | |a dopyt |
| 610 | 2 | 0 | |a modely ekonomicko-matematické |
| 610 | 2 | 0 | |a analýza štatistická |
| 100 | 1 | |a Prokeinová, Renáta | |